01085nac a22002891i 4500003000900000005001700009008004100026020001500067040004300082082001900125100003900144245014600183250001900329264005900348300004000407336002600447337002800473338002700501500002100528500002600549500002400575650003100599655001700630942001200647999001500659952012100674EG-ScBUE20250227113359.0250210s1984 stka f d 001 0 eng d a0443028885 aEG-ScBUEbengerdacEG-ScBUEdEG-ScBUE04a519.5bBRO2221 aBroughton-Pipkin, Fiona, eauthor.10aMedical statistics made easy /cFiona Broughton Pipkin, M.A., D. Phil., senior lecturer in reproductive physiology, University of Nottingham. aFirst edition. 1aLeith Walk, Edinburgh ;bChurchill Livingstone,c1984. a138 pages :billustrations ;c22 cm 2rdacontentatextbtxt aunmediated2rdamediabn avolumebnc2rdacarrier aIncludes index.  aIncludes Appendices.  aIncludes glossary.  7aMedical statistics.2BUEsh vReading book cBB2ddc c3489d3489 00102ddc40708Donation-GaMAINbMAINc1STd2007-04-19eDonationl0o519.5 BROp000030197r2025-07-15 00:00:00yBB